000 00599nam a22002417a 4500
003 UA-OsUOA
001 65982
007 ta
008 20091215b un ||||| |||| 00| 0 ukr d
100 _aБойченко О.
090 _a821.161.2
_bБ77
942 _cBK
040 _aUA-OsUOA
_bukr
_cUA-OsUOA
_dUA-OsUOA
245 _aШатокуа плюс
300 _a192 с.
955 _a2
041 _aukr
080 _a821.161.2
020 _a966-8522-19-2
260 _aЛьвів
_c2004
650 7 _a82 Література. Літературознавство
_2UDC
999 _c351676
_d351676